000 00298nam a2200133 i 4500
001 bg
100 1 _aHUTTEN, Ernest H.
245 0 _aIdee fizyki /
_cErnest H. Hutten.
260 _aWarszawa,
_c1976.
040 _cBPK
041 _apol
942 _cKS
008 s pl f |000 0 pol
999 _c26890
_d26890
856 _uhttp://koha.tu.koszalin.pl/cgi-bin/koha/opac-detail.pl?biblionumber=26890
_yKatalog online BPK